| 000 | 00529nam a2200157Ia 4500 | ||
|---|---|---|---|
| 008 | 170221s9999 xx 000 0 und d | ||
| 100 | _aPerloff, Richard M. | ||
| 245 | 3 | _aAn Integrative Terror Management Theory Perspective on Media Effects: A Model and 12 Hypotheses for Research | |
| 245 | _cRichard M. Perloff. | ||
| 260 | _bStudies in Media and Communication | ||
| 260 | _c2016 | ||
| 300 | _a4 : 1 | ||
| 650 | _xCommunication | ||
| 650 | _xMedia Arts | ||
| 856 | _uhttp://redfame.com/journal/index.php/smc/issue/view/58 | ||
| 999 |
_c306759 _d306759 |
||